[Event "Locri op 3rd"]
[Site "Locri"]
[Date "2015.07.15"]
[Round "3"]
[White "Maduranga, Thushara"]
[Black "Iannello, Andrea"]
[Result "0-1"]
[WhiteElo "1720"]
[BlackElo "1985"]
[PlyCount "52"]
[EventDate "2015.07.13"]
[EventType "swiss"]
[EventRounds "9"]
[EventCountry "ITA"]
[SourceTitle "EXT 2024"]
[Source "ChessBase"]
[SourceDate "2023.10.10"]
[SourceVersion "1"]
[SourceVersionDate "2023.10.10"]
[SourceQuality "1"]

1. e4 c5 2. Nf3 d6 3. d4 cxd4 4. Nxd4 Nf6 5. Nc3 a6 6. Bc4 e6 7. Bg5 Be7 8. 0-0 b5 9. Bb3 b4 10. Ba4+ Bd7 11. Bxd7+ Qxd7 12. Bxf6 Bxf6 13. Nce2 0-0 14. Qd2 Nc6 15. Rad1 Rab8 16. b3 Nxd4 17. Nxd4 Rfc8 18. Nf3 Rb6 19. e5 Be7 20. Qd3 d5 21. Rd2 Rc3 22. Qe2 Qc7 23. Rc1 h6 24. Rd3 Rc5 25. g3 Rb8 26. Nd4 Qa5 0-1

[Event "Locri op 3rd"]
[Site "Locri"]
[Date "2015.07.13"]
[Round "1"]
[White "Maduranga, Thushara"]
[Black "Mrdja, Milan"]
[Result "0-1"]
[WhiteElo "1720"]
[BlackElo "2360"]
[PlyCount "92"]
[EventDate "2015.07.13"]
[EventType "swiss"]
[EventRounds "9"]
[EventCountry "ITA"]
[SourceTitle "EXT 2024"]
[Source "ChessBase"]
[SourceDate "2023.10.10"]
[SourceVersion "1"]
[SourceVersionDate "2023.10.10"]
[SourceQuality "1"]

1. e4 Nf6 2. e5 Nd5 3. d4 d6 4. c4 Nb6 5. Nf3 Bg4 6. h3 Bxf3 7. Qxf3 Nc6 8. Be3 dxe5 9. dxe5 e6 10. a3 Nd7 11. Nc3 Ndxe5 12. Qe4 f5 13. Qc2 a6 14. Be2 Qf6 15. f4 Qh4+ 16. Kd1 0-0-0+ 17. Kc1 Qg3 18. Kb1 Qxe3 19. fxe5 Nd4 20. Qd3 Qxe5 21. Rd1 Be7 22. Ka2 Nxe2 23. Qxe2 Qxe2 24. Nxe2 Rxd1 25. Rxd1 Rd8 26. Re1 Rd2 27. Kb1 Bf6 28. Nc3 Bxc3 29. bxc3 Kd7 30. g3 Rd3 31. g4 Rxc3 32. Rd1+ Kc6 33. Re1 Kd6 34. Rd1+ Ke7 35. gxf5 exf5 36. Rf1 Kf6 37. h4 Rxc4 38. h5 b5 39. Rd1 f4 40. Kb2 f3 41. Kb3 f2 42. Rf1 Rf4 43. Kc3 c5 44. Kd3 Ke5 45. Kd2 a5 46. Ke3 a4 0-1